| 000 | 00650nam a2200205 a 4500 | ||
|---|---|---|---|
| 005 | 20210223121028.0 | ||
| 008 | 991125s1989 mx 000 0 spa u | ||
| 020 | _a9683608094 | ||
| 035 | _aUPN01000011060 | ||
| 049 | _aCG | ||
| 050 | 4 |
_aPA8045 M6 _bO8.2 |
|
| 100 | 1 |
_aOsorio Romero, Ignacio, _d1941- _929819 |
|
| 245 | 1 | 0 |
_aConquistar el eco : _bla paradoja de la conquista criolla / _cIgnacio Osorio Romero |
| 260 |
_aMéxico : _bUNAM, Coordinación de Humanidades, _c1989 |
||
| 300 | _a397 p | ||
| 440 | 0 | _aBiblioteca de letras | |
| 650 | 4 |
_aLITERATURA LATINA, MEDIEVAL Y MODERNA- _xHISTORIA Y CRITICA |
|
| 904 |
_aAC _b011061 |
||
| 905 | _aLibro | ||
| 999 |
_c11060 _d11060 |
||